000 00669nam a2200181Ia 4500
008 151018s9999 xx 000 0 und d
082 _bRBASDV10708
_a110
100 _aरा चि ढेरे
245 _aईश्वरनिष्ठांची मांदियाळी
250 _b1
260 _bश्रीरामकृष्ण आश्रम
_c1971
300 _a162
600 _aरा चि ढेरे
630 _aईश्वरनिष्ठांची मांदियाळी
700 _aरा चि ढेरे
730 _aईश्वरनिष्ठांची मांदियाळी
942 _cBOOK
999 _c1013063
_d1013060